| 000 | 00402 a2200133 4500 | ||
|---|---|---|---|
| 005 | 20250314151539.0 | ||
| 020 | _a0-903031-94-9 | ||
| 082 | _a3338.54 BOL | ||
| 100 | _aBOLLARD, A. | ||
| 245 | _aJust for Starters: A Hand book of Small- scale Business Opportunities | ||
| 260 |
_aLondon, _bIntermediate Technology Publications, _c1984. |
||
| 300 |
_ax, 197p.: ill.; picture,table, _c21cm. |
||
| 942 |
_2ddc _cBKS |
||
| 999 |
_c657 _d657 |
||